| 000 | 00000cam 2200000zi 4500 |
| 001 | 9.962515 |
| 003 | CaOODSP |
| 005 | 20260504104039 |
| 006 | m o d f |
| 007 | cr bn||||||||| |
| 008 | 260504t20131977onc ob f000 0 fre d |
| 020 | |z9781100164687 |q(incorrect) |
| 040 | |aCaOODSP|bfre|erda|cCaOODSP |
| 043 | |an-cn--- |
| 086 | 1 |aT52-4/307-2013F-PDF|zT52-4/55-2010F-PDF |
| 245 | 00|aGuide d'étude et de référence pour les examens écrits pour la qualification d'instructeur de vol : |bautogire. |
| 250 | |aPremière édition. |
| 264 | 1|a[Ottawa] : |bTransports Canada = Transport Canada, |c[2013] |
| 264 | 4|c©1977 |
| 300 | |a1 ressource en ligne (8 pages) |
| 336 | |atexte|btxt|2rdacontent/fre |
| 337 | |ainformatique|bc|2rdamedia/fre |
| 338 | |aressource en ligne|bcr|2rdacarrier/fre |
| 500 | |aPublié aussi en anglais sous le titre : Study and reference guide for written examinations for the flight instructor rating: gyroplane. |
| 500 | |aLe numéro de catalogue (T52-4/55-2010F-PDF) et l'ISBN (9781100164687) imprimés dans cette publication sont incorrects. |
| 500 | |aCette publication est la révision de juillet 2013 de la première édition publié initialement en septembre 2012. |
| 500 | |a« TP 15209F (Révisé le 07/2013). » |
| 500 | |a« Septembre 2012. » |
| 500 | |a« TC-1004946 » -- Verso de la couverture. |
| 504 | |aComprend des références bibliographiques. |
| 650 | 6|aAutogires|xPilotage|zCanada|xExamens|vGuides de l'étudiant. |
| 655 | 7|aGuides de l'étudiant|2rvmgf |
| 710 | 1 |aCanada. |bTransports Canada, |eorganisme de publication. |
| 775 | 08|tStudy and reference guide for written examinations for the flight instructor rating : |w(CaOODSP)9.961826 |
| 856 | 40|qPDF|s200 Ko|uhttps://publications.gc.ca/collections/collection_2026/tc/T52-4-307-2013-fra.pdf |
| 856 | 4 |qHTML|sS.O.|uhttps://tc.canada.ca/fr/aviation/publications/guide-etude-reference-examens-ecrits-qualification-instructeur-vol-autogire-tp-15209 |
| 986 | |aTP 15209F |
| 986 | |aTC-1004946 |